Sổ tay công tác tuyên truyền biển, đảo Việt Nam /

Đã lưu trong:
書目詳細資料
其他作者: Đỗ Phương Thảo, TS. (biên soạn.), Bùi Trường Giang, TS., Lê Xuân Sang (biên soạn.), Lưu Xuân Đồng (biên soạn.), Nguyễn Chí Thảo, TS. (biên soạn.), Nguyễn Thị Hương Giang (biên soạn.), Phùng Thế Long., Tạ Đình Thi, TS. (biên soạn.), Trần Công Trục, TS. (biên soạn.), Trần Quý Kiên, ThS.
格式: Sách giấy
語言:Vietnamese
出版: H. : Chính trị Quốc gia - Sự thật, 2019.
主題:
標簽: 添加標簽
沒有標簽, 成為第一個標記此記錄!
Thư viện lưu trữ: Thư viện Trường Đại học Đà Lạt
LEADER 01655nam a2200433 4500
001 DLU200195041
005 ##20200929
020 # # |a 9786045753644 
040 # # |a DLU  |b vie 
041 # # |a vie 
044 # # |a vn 
082 # # |a 341.45  |b Sot 
245 # # |a Sổ tay công tác tuyên truyền biển, đảo Việt Nam /  |c Bùi Trường Giang,... [et al.]. 
260 # # |a H. :  |b Chính trị Quốc gia - Sự thật,  |c 2019. 
300 # # |a 147 tr. :  |b minh họa;  |c 21 cm. 
504 # # |a Tài liệu tham khảo: tr. 439-143. 
505 # # |a Chương I. Một số khái niệm pháp lý cơ bản về biển, đảo -- Chương II. Khái quát chung về biển Đông và biển, đảo Việt Nam -- Chương III. Khái quát về chiến lược phát triển bền vững kinh tế biển Việt Nam đến năm 2030, tầm nhìn đến năm 2045. 
650 # # |a Biển  |x Tuyên truyền  |x Sổ tay, cẩm nang... 
700 # # |a Đỗ Phương Thảo,  |c TS.  |e biên soạn. 
700 # # |a Bùi Trường Giang,  |c TS. 
700 # # |a Lê Xuân Sang,  |e biên soạn. 
700 # # |a Lưu Xuân Đồng,  |e biên soạn. 
700 # # |a Nguyễn Chí Thảo,  |c TS.  |e biên soạn. 
700 # # |a Nguyễn Thị Hương Giang,  |e biên soạn. 
700 # # |a Phùng Thế Long. 
700 # # |a Tạ Đình Thi,  |c TS.  |e biên soạn. 
700 # # |a Trần Công Trục,  |c TS.  |e biên soạn. 
700 # # |a Trần Quý Kiên,  |c ThS. 
923 # # |a 01/2020 
991 # # |a SH 
992 # # |a 5900 
994 # # |a DLU 
900 # # |a True 
911 # # |a Nguyễn Thanh Hương 
925 # # |a G 
926 # # |a A 
927 # # |a SH 
980 # # |a Thư viện Trường Đại học Đà Lạt